Normal view
MARC view
Entry Personal Name
001 - CONTROL NUMBER
- control field: 162
003 - CONTROL NUMBER IDENTIFIER
- control field: csc
005 - DATE AND TIME OF LATEST TRANSACTION
- control field: 20140507162048.0
008 - FIXED-LENGTH DATA ELEMENTS
- fixed length control field: 100722|||a|||||| | ||| d
040 ## - CATALOGING SOURCE
- Original cataloging agency: csc
- Transcribing agency: csc
100 ## - HEADING--PERSONAL NAME
- Personal name: Swift, Jonathan,
- Dates associated with a name: 1667-1745.
670 ## - SOURCE DATA FOUND
- Source citation: Work cat.: (csc)0: Swift, Jonathan, 1667-1745., Jonathan Swift :, 2008.